00323nam a22000977a 4500082001500000100006300015245004100078260008000119300000800199650001800207 a361.25 NAT aNational Institute of rural Devolopment and Panchayati Raj aSocial Audit; A Manual for Trainers aHyderabadbNational Institute of rural Devolopment and Panchayati Rajc2016 a208 aSocial Policy